[Event "Sardinia World Open A"]
[Site "Orosei ITA"]
[Date "2025.04.30"]
[Round "5.38"]
[White "Kanyamarala, Trisha"]
[Black "Di Stasio, Giuseppe Danilo"]
[Result "1/2-1/2"]
[WhiteTitle "WIM"]
[WhiteElo "2185"]
[BlackElo "1963"]
[WhiteFideId "45004722"]
[BlackFideId "849928"]
[EventDate "2025.04.27"]

1. d4 d5 2. c4 e6 3. Nf3 Nf6 4. Nc3 Be7 5. Bf4 c6 6. e3 O-O 7. h3 Nbd7 8. Qc2 a6
9. cxd5 exd5 10. Bd3 Re8 11. O-O Nf8 12. Ne5 Nh5 13. Bh2 g6 14. f4 f6 15. Nf3
Bd6 16. Rfe1 b5 17. Rad1 Ra7 18. Qf2 Rae7 19. Bc2 a5 20. Nb1 Bb7 21. Nbd2 c5 22.
dxc5 Bxc5 23. Nf1 Qb6 24. Bb3 Rd8 25. Nd4 a4 26. Bc2 Rde8 27. g4 Ng7 28. Bg3
Nge6 29. Nf3 Ng7 30. Nd4 Bb4 31. Re2 Nge6 32. Nf3 Nc5 33. a3 Ba5 34. Nd4 Nce6
35. Nf3 Nc5 36. Nd4 Ne4 37. Bxe4 Rxe4 38. Nd2 Bxd2 39. Rdxd2 Ne6 40. Nc2 Nc5 41.
Rd4 Nb3 42. Rxe4 Rxe4 43. Re1 Na5 44. Qd2 Nb3 45. Qd3 Nc5 46. Qd1 Nb3 47. Kh2
Qc5 48. Bf2 Kf7 49. Nd4 Qc4 50. Kg3 Nc5 51. Re2 Qd3 52. Qxd3 Nxd3 53. Nxb5 Ke7
54. Rc2 Rc4 55. Rd2 Nc5 56. Kh2 Ne4 57. Re2 1/2-1/2

[Event "Sardinia World Open A"]
[Site "Orosei ITA"]
[Date "2025.04.30"]
[Round "5.39"]
[White "Gut, Lionel"]
[Black "Orman, Attila"]
[Result "1-0"]
[WhiteElo "2177"]
[BlackElo "2074"]
[WhiteFideId "1339966"]
[BlackFideId "13456458"]
[EventDate "2025.04.27"]

1. d4 Nf6 2. c4 g6 3. Nc3 Bg7 4. e4 d6 5. Be2 O-O 6. Be3 e5 7. d5 Na6 8. g4 Nc5
9. f3 h5 10. h4 Qe8 11. b4 Ncd7 12. g5 Nh7 13. Nb5 Qd8 14. Nxa7 Nb6 15. Nxc8
Qxc8 16. a4 Rd8 17. Bf1 Qd7 18. Bh3 Qe8 19. Bxb6 cxb6 20. Ne2 f6 21. Rg1 fxg5
22. hxg5 Qe7 23. Qd2 Rf8 24. Ra3 Qc7 25. Qd3 Qe7 26. Qe3 Rf4 27. Be6+ Kh8 28.
Nxf4 exf4 29. Qxf4 Rf8 30. Qe3 Be5 31. Ke2 Bf4 32. Qd4+ Be5 33. Qe3 Rf4 34. a5
Nxg5 35. Rxg5 Qxg5 36. axb6 Qf6 37. Ra8+ Kh7 38. Rb8 Bd4 39. Rxb7+ Kh6 40. Qd2
g5 41. Rf7 Qe5 42. Bf5 Rxf5 43. Rxf5 Qh2+ 44. Kd3 Qg1 45. Qxg5+ 1-0

[Event "Sardinia World Open A"]
[Site "Orosei ITA"]
[Date "2025.04.30"]
[Round "6.1"]
[White "Yoo, Christopher Woojin"]
[Black "Travadon, Loic"]
[Result "1/2-1/2"]
[WhiteTitle "GM"]
[BlackTitle "IM"]
[WhiteElo "2588"]
[BlackElo "2451"]
[WhiteFideId "30909694"]
[BlackFideId "26092131"]
[EventDate "2025.04.27"]

1. e4 e5 2. Nf3 Nf6 3. d4 Nxe4 4. Bd3 Nc6 5. Nxe5 Nxe5 6. dxe5 Nc5 7. Bc4 d6 8.
Qf3 Ne6 9. Be3 dxe5 10. Nd2 Bd6 11. O-O-O O-O 12. Ne4 Qe7 13. g4 Nd4 14. Qh3 Be6
15. Bd3 f5 16. Nxd6 cxd6 17. Rhg1 e4 18. Bxd4 exd3 19. Bxg7 Qg5+ 20. f4 Qxf4+
21. Rd2 Kxg7 22. gxf5+ Kh8 23. fxe6 Rae8 24. Re1 dxc2 25. Qc3+ Qf6 26. Rxd6 Qxc3
27. bxc3 Re7 28. Kxc2 Rf2+ 29. Kb3 Kg7 30. h4 Kf6 31. Re4 Rf5 32. c4 Re5 33.
Rxe5 Kxe5 34. c5 Rxe6 35. Rd7 Rh6 36. Rxb7 Kd5 37. Rxa7 Rxh4 38. Rc7 Rc4 39.
Rxh7 Rxc5 40. Kb4 Rc2 41. a4 Kc6 42. a5 Rb2+ 43. Kc4 Ra2 44. Rh6+ Kb7 45. Kb4
Rb2+ 46. Ka3 Rb1 47. a6+ Ka7 48. Ka4 Rb6 49. Rxb6 Kxb6 50. a7 Kxa7 1/2-1/2

[Event "Sardinia World Open A"]
[Site "Orosei ITA"]
[Date "2025.04.30"]
[Round "6.2"]
[White "Dardha, Daniel"]
[Black "Moroni, Luca Jr"]
[Result "1-0"]
[WhiteTitle "GM"]
[BlackTitle "GM"]
[WhiteElo "2650"]
[BlackElo "2545"]
[WhiteFideId "240990"]
[BlackFideId "865834"]
[EventDate "2025.04.27"]

1. e4 e5 2. Nf3 Nc6 3. Bc4 Bc5 4. c3 Nf6 5. d4 exd4 6. e5 d5 7. Bb5 Ne4 8. cxd4
Bb4+ 9. Bd2 Nxd2 10. Nbxd2 O-O 11. O-O Ne7 12. a3 Ba5 13. Bd3 g6 14. Qc2 Nf5 15.
b4 Bb6 16. Bxf5 Bxf5 17. Qc3 a5 18. Nb3 c6 19. h3 Kg7 20. Rfe1 h6 21. Nc5 Qe7
22. g4 Be6 23. Qe3 Ra7 24. Rab1 axb4 25. axb4 Rfa8 26. Rb3 Ra2 27. Rc1 Bxc5 28.
bxc5 Rh8 29. Rcb1 Bc8 30. e6 Qxe6 31. Qxe6 fxe6 32. Rxb7+ Bxb7 33. Rxb7+ Kg8 34.
Ne5 Rh7 35. Rb8+ Kg7 36. Re8 Kf6 37. Rf8+ Kg7 38. Rf7+ Kg8 39. Rf6 Re7 40. Rxg6+
Kh7 41. Rf6 Kg7 42. Rf3 Rc7 43. Kg2 Ra4 44. Rf4 Ra8 45. Kg3 Rf8 46. h4 Ra8 47.
Rf3 Ra4 48. Rd3 Ra1 49. Kf4 Re1 50. Re3 Rh1 51. h5 Rd1 52. Rd3 Rf7+ 53. Kg3
Rxd3+ 54. Nxd3 Ra7 55. Ne5 Ra6 56. Kf4 Kf6 57. Nd7+ Ke7 58. Nb8 Ra3 59. Nxc6+
Kf6 60. Ne5 Rc3 61. c6 Ra3 62. c7 Rc3 63. Nd7+ Ke7 64. Nc5 1-0

[Event "Sardinia World Open A"]
[Site "Orosei ITA"]
[Date "2025.04.30"]
[Round "6.3"]
[White "Kiolbasa, Oliwia"]
[Black "Mendonca, Leon Luke"]
[Result "1/2-1/2"]
[WhiteTitle "IM"]
[BlackTitle "GM"]
[WhiteElo "2361"]
[BlackElo "2643"]
[WhiteFideId "1154613"]
[BlackFideId "35028561"]
[EventDate "2025.04.27"]

1. e4 c5 2. Nf3 d6 3. Bb5+ Nd7 4. O-O a6 5. Bxd7+ Bxd7 6. c3 Nf6 7. Re1 Bc6 8.
d4 Bxe4 9. Bg5 Bd5 10. c4 Bxc4 11. Nc3 e6 12. Bxf6 gxf6 13. d5 e5 14. Nh4 Bb5
15. Ne4 Bd7 16. Qh5 Be7 17. Qh6 Bc8 18. Qg7 Rf8 19. Qxh7 Qd7 20. Ng3 Qg4 21. Re4
Qg5 22. f4 Qg8 23. Qh6 Qh8 24. Qxh8 Rxh8 25. Nhf5 Bxf5 26. Nxf5 Kd7 27. Rf1 Rag8
28. Rf3 b5 29. h3 Rh5 30. Ng3 Rh7 31. Nf5 Rh5 32. Ng3 Rh7 33. Nf5 1/2-1/2

[Event "Sardinia World Open A"]
[Site "Orosei ITA"]
[Date "2025.04.30"]
[Round "6.4"]
[White "Sonis, Francesco"]
[Black "Raja, Harshit"]
[Result "1-0"]
[WhiteTitle "GM"]
[BlackTitle "GM"]
[WhiteElo "2576"]
[BlackElo "2474"]
[WhiteFideId "895733"]
[BlackFideId "5089000"]
[EventDate "2025.04.27"]

1. c4 Nf6 2. Nc3 e5 3. Nf3 Nc6 4. g3 Nd4 5. Bg2 Nxf3+ 6. Bxf3 Bc5 7. e3 Bb4 8.
g4 Bxc3 9. bxc3 e4 10. Bg2 d5 11. g5 Ng4 12. cxd5 O-O 13. f4 exf3 14. Qxf3 Ne5
15. Qg3 Nd3+ 16. Ke2 Nxc1+ 17. Rhxc1 Bf5 18. e4 Bg6 19. Kf1 c6 20. Kg1 Re8 21.
Re1 Qa5 22. d6 Re5 23. h4 Rd8 24. d4 Rb5 25. Re2 Qa3 26. e5 c5 27. d5 c4 28. e6 1-0

[Event "Sardinia World Open A"]
[Site "Orosei ITA"]
[Date "2025.04.30"]
[Round "6.5"]
[White "Sokolovsky, Yahli"]
[Black "Samunenkov, Ihor"]
[Result "1/2-1/2"]
[WhiteTitle "GM"]
[BlackTitle "GM"]
[WhiteElo "2546"]
[BlackElo "2572"]
[WhiteFideId "2820242"]
[BlackFideId "14187086"]
[EventDate "2025.04.27"]

1. e4 e5 2. Nf3 Nf6 3. Nxe5 d6 4. Nf3 Nxe4 5. Nc3 Nxc3 6. dxc3 Be7 7. Be3 O-O 8.
Qd2 Nd7 9. O-O-O Nf6 10. Bd3 Re8 11. Rhe1 Bg4 12. Bg5 Qd7 13. Kb1 Bf5 14. h3 h6
15. Bh4 Bxd3 16. Qxd3 Nh7 17. Bxe7 Rxe7 18. Rxe7 Qxe7 19. Qd5 Rb8 20. a3 Nf6 21.
Qd4 Ra8 22. Re1 Qd7 23. c4 1/2-1/2

[Event "Sardinia World Open A"]
[Site "Orosei ITA"]
[Date "2025.04.30"]
[Round "6.6"]
[White "Bettalli, Francesco"]
[Black "Amar, Elham"]
[Result "1/2-1/2"]
[WhiteTitle "FM"]
[BlackTitle "GM"]
[WhiteElo "2355"]
[BlackElo "2546"]
[WhiteFideId "2816453"]
[BlackFideId "1533533"]
[EventDate "2025.04.27"]

1. d4 Nf6 2. Nc3 d5 3. Bf4 c5 4. e3 cxd4 5. exd4 Bg4 6. f3 Bd7 7. Nb5 Bxb5 8.
Bxb5+ Nc6 9. c3 e6 10. Qd2 Bd6 11. Bxd6 Qxd6 12. Ne2 O-O 13. h4 Rfe8 14. O-O-O
a6 15. Bd3 b5 16. h5 e5 17. dxe5 Nxe5 18. Nd4 Nxd3+ 19. Qxd3 Qf4+ 20. Qd2 Qxd2+
21. Kxd2 h6 22. g4 Kf8 23. Rde1 Nd7 1/2-1/2

[Event "Sardinia World Open A"]
[Site "Orosei ITA"]
[Date "2025.04.30"]
[Round "6.7"]
[White "Narayanan, S.L."]
[Black "Fromm, Marius"]
[Result "1/2-1/2"]
[WhiteTitle "GM"]
[BlackTitle "IM"]
[WhiteElo "2601"]
[BlackElo "2436"]
[WhiteFideId "5058422"]
[BlackFideId "12993190"]
[EventDate "2025.04.27"]

1. d4 Nf6 2. c4 e6 3. Nf3 d5 4. Nc3 Nbd7 5. cxd5 exd5 6. Bg5 c6 7. e3 h6 8. Bh4
Be7 9. Qc2 O-O 10. Bd3 Re8 11. Nd2 Nh5 12. Bxe7 Qxe7 13. O-O g6 14. Rab1 Ndf6
15. b4 Ng7 16. b5 c5 17. dxc5 Qxc5 18. Nb3 Qd6 19. h3 Bf5 20. Rfd1 Rac8 21. Qb2
Qe5 22. Nd4 Bxd3 23. Rxd3 Nf5 24. Nf3 Qe6 25. Rbd1 Rc5 26. Qb3 Ne7 27. Qa3 Rec8
28. Nd4 Qd7 29. Nc6 b6 30. Na4 Nxc6 31. Nxc5 bxc5 32. bxc6 Qxc6 33. Rc3 h5 34.
Qxa7 Ne4 35. Rb3 Qf6 36. f3 Nc3 37. Rb8 Rxb8 38. Qxb8+ Kh7 39. Rd2 Qh4 40. Kf1
Qc4+ 41. Kg1 Ne4 42. Rd1 Qe2 43. Rxd5 Nd2 44. Rxd2 1/2-1/2

[Event "Sardinia World Open A"]
[Site "Orosei ITA"]
[Date "2025.04.30"]
[Round "6.8"]
[White "Lodici, Lorenzo"]
[Black "Van der Lende, Ilias"]
[Result "1/2-1/2"]
[WhiteTitle "GM"]
[BlackTitle "IM"]
[WhiteElo "2570"]
[BlackElo "2410"]
[WhiteFideId "884189"]
[BlackFideId "1019260"]
[EventDate "2025.04.27"]

1. d4 e6 2. c4 Nf6 3. Nf3 d5 4. Nc3 dxc4 5. Qa4+ c6 6. Qxc4 b5 7. Qd3 Be7 8. e4
b4 9. Na4 Ba6 10. Qc2 Bxf1 11. Kxf1 Nbd7 12. Nd2 c5 13. Nxc5 Nxc5 14. dxc5 Rc8
15. Ke2 Bxc5 16. Nc4 O-O 17. f3 Bb6 18. Qb3 Nd7 19. Rd1 Qc7 20. Nxb6 Nxb6 21.
Be3 Qxh2 22. Kf2 Qh4+ 23. Kg1 Qe7 24. Rac1 h6 25. Bd2 a5 26. a3 Rxc1 27. Rxc1
Qd7 28. Be1 Rb8 29. axb4 Qb5 30. Qd1 axb4 31. Qd6 Na4 32. b3 Nb2 33. Rc5 Qb6 34.
Qxb6 Rxb6 35. Rc8+ Kh7 36. Rd8 Rc6 37. Bxb4 Rc1+ 38. Kf2 Nd1+ 39. Kg3 Ne3 40.
Rd3 Nc2 41. Rc3 Nd4 42. Rd3 e5 43. Kh2 Rb1 1/2-1/2

[Event "Sardinia World Open A"]
[Site "Orosei ITA"]
[Date "2025.04.30"]
[Round "6.9"]
[White "Ibrayev, Nurlan"]
[Black "Knaak, Rainer"]
[Result "1-0"]
[WhiteTitle "GM"]
[BlackTitle "GM"]
[WhiteElo "2367"]
[BlackElo "2472"]
[WhiteFideId "13700650"]
[BlackFideId "4611250"]
[EventDate "2025.04.27"]

1. c4 e6 2. Nf3 d5 3. d4 Nf6 4. Nc3 Bb4 5. cxd5 exd5 6. Bg5 h6 7. Bh4 O-O 8. e3
Bf5 9. Qb3 Bxc3+ 10. Qxc3 Nbd7 11. Be2 c6 12. Nd2 Bg6 13. Qa3 Re8 14. O-O a5 15.
Rfc1 Re6 16. Bg4 Re7 17. Bxd7 Rxd7 18. Nf3 Rd6 19. Ne5 Bf5 20. f3 Re6 21. Re1
Qe8 22. Bf2 Bh7 23. Qc3 Qe7 24. Nd3 Bxd3 25. Qxd3 Ne8 26. Re2 Nd6 27. Rae1 Re8
28. a4 Qf6 29. b3 Qd8 30. Bg3 Qe7 31. Kf1 h5 32. h3 g6 33. Bf4 Nf5 34. Kg1 h4
35. Kf2 Qf6 36. Be5 Qg5 37. Bf4 Qh5 38. e4 Ne7 39. Kg1 dxe4 40. fxe4 Nd5 41. Bh2
Nf6 42. Qf3 Rd8 43. Rd2 Rde8 44. Rde2 Rd8 45. Qf2 Rde8 46. Be5 Nd7 47. Bc7 Rc8
48. Bh2 Rce8 49. Qf3 Qg5 50. Kh1 Qd8 51. d5 Rf6 52. Qd3 Qe7 53. e5 Rf5 54. e6
Nf6 55. d6 Rd8 56. Qxf5 1-0

[Event "Sardinia World Open A"]
[Site "Orosei ITA"]
[Date "2025.04.30"]
[Round "6.10"]
[White "Adharsh K"]
[Black "Martinovici, Ilia"]
[Result "1/2-1/2"]
[WhiteTitle "FM"]
[BlackTitle "IM"]
[WhiteElo "2317"]
[BlackElo "2459"]
[WhiteFideId "25718207"]
[BlackFideId "13907034"]
[EventDate "2025.04.27"]

1. e4 g6 2. d4 Bg7 3. Nc3 c6 4. Be3 d5 5. e5 f6 6. f4 Nh6 7. h3 Qb6 8. Na4 Qa5+
9. c3 Bf5 10. Nc5 Nd7 11. Nxd7 Bxd7 12. g4 Nf7 13. Bd3 g5 14. Nf3 gxf4 15. exf6
Bh6 16. Bd2 exf6 17. Qe2+ Kf8 18. O-O Re8 19. Qh2 Qc7 20. Nh4 Bg5 21. Ng2 Qb6
22. Bxf4 Kg7 23. h4 Bxf4 24. Nxf4 Bxg4 25. Qg3 Rhg8 26. Qxg4+ Kh8 27. Ng6+ hxg6
28. Rxf6 Qxb2 29. Rd1 Nd8 30. Qg5 Re7 31. Rf2 Qa3 32. Kh1 Qd6 33. Rdf1 Rh7 34.
Kg2 Rh5 35. Qg4 Qe6 36. Qxe6 Nxe6 37. Rf6 Nd8 38. Rxg6 Rxh4 39. Kg3 Rh6 40.
Rxg8+ Kxg8 41. a4 a5 42. c4 dxc4 43. Bxc4+ Kg7 44. Rf5 Rd6 45. d5 c5 46. Re5 Kf6
47. Kf4 Rb6 48. Bb5 Nf7 49. Re8 Rd6 50. Bc4 Nd8 51. Ke4 Rd7 52. Kf4 Nf7 53. Re6+
Kg7 54. Ke3 Kf8 55. Kd3 Rd6 56. Re3 Rh6 57. Kc3 Nd6 58. Bd3 Rh5 59. Bc4 Rh4 60.
Bb3 Rd4 61. Re6 Ne4+ 62. Kb2 c4 63. Bc2 c3+ 64. Kc1 Nc5 65. Re3 Nxa4 66. Bxa4
Rxa4 67. Rxc3 b5 68. Kb2 Ke7 69. Rc6 Rd4 70. Ra6 a4 71. Ka3 Rd3+ 72. Kb4 Rb3+
73. Kc5 a3 74. d6+ Ke6 75. Kc6 b4 76. d7 Ke7 77. Ra8 Rd3 78. Kc5 b3 79. d8=Q+
Rxd8 80. Rxa3 Rc8+ 81. Kd4 b2 82. Rb3 Rc2 83. Kd3 Rh2 84. Kc3 Rh3+ 85. Kxb2
Rxb3+ 86. Kxb3 1/2-1/2

[Event "Sardinia World Open A"]
[Site "Orosei ITA"]
[Date "2025.04.30"]
[Round "6.11"]
[White "Admiraal, Miguoel"]
[Black "Perossa, Nicolas"]
[Result "1-0"]
[WhiteTitle "IM"]
[BlackTitle "FM"]
[WhiteElo "2454"]
[BlackElo "2274"]
[WhiteFideId "1019716"]
[BlackFideId "2850520"]
[EventDate "2025.04.27"]

1. d4 Nf6 2. Bf4 e6 3. e3 c5 4. Nc3 cxd4 5. exd4 Bb4 6. Bd3 Nd5 7. Bd2 Nxc3 8.
bxc3 Be7 9. Nf3 d6 10. O-O O-O 11. Qe2 Nd7 12. c4 Nf6 13. Rfe1 Re8 14. Rab1 b6
15. a4 Ba6 16. a5 Qc7 17. axb6 axb6 18. Ra1 Bb7 19. Rxa8 Bxa8 20. h3 d5 21. cxd5
Nxd5 22. Ne5 Nf6 23. c4 Qb7 24. f4 Rd8 25. Bc3 Bf8 26. f5 exf5 27. Bxf5 g6 28.
Bc2 Qc7 29. Rf1 Bg7 30. Rf4 Nd5 31. cxd5 Qxc3 32. Nxf7 Bxd4+ 33. Kh2 Qe3 34. Qf1
Rxd5 35. Nh6+ Kg7 36. Ng4 Qe7 37. Be4 Be5 38. Bxd5 Bxd5 39. Nxe5 Qxe5 40. Kh1 b5
41. Qc1 h5 42. Qd2 Bc4 43. Rd4 Bf7 44. Qc3 Qf6 45. Qe3 Qf1+ 46. Kh2 Qf6 47. h4
Qe6 48. Qxe6 Bxe6 49. Rd6 Bc4 50. Kg3 Bf1 51. Kf2 Bc4 52. Ke3 Kh6 53. Kf4 Bf1
54. g3 Bc4 55. Ke5 Kg7 56. Rd7+ Kh6 57. Kf6 Bb3 58. Rd8 Kh7 59. Kg5 Bc2 60. Rd2
Be4 61. Rd7+ Kg8 62. Kf6 Bc2 63. Rd2 Be4 64. Rb2 Bd3 65. Rb3 Bc4 66. Re3 Kh7 67.
Ra3 Kh6 68. Ra6 Bd3 69. Rb6 Kh7 70. Kg5 Kg7 71. Rd6 Bc2 72. Rd7+ Kh8 73. Rc7 Be4
74. Rc5 Bd3 75. Rd5 Bc4 76. Rd7 b4 77. Rd4 1-0

[Event "Sardinia World Open A"]
[Site "Orosei ITA"]
[Date "2025.04.30"]
[Round "6.12"]
[White "Lumachi, Gabriele"]
[Black "Dalaud, Dorian"]
[Result "1/2-1/2"]
[WhiteTitle "IM"]
[BlackTitle "FM"]
[WhiteElo "2443"]
[BlackElo "2303"]
[WhiteFideId "2817247"]
[BlackFideId "36093270"]
[EventDate "2025.04.27"]

1. d4 Nf6 2. Bg5 c5 3. d5 Ne4 4. Nd2 Nxg5 5. h4 Ne6 6. dxe6 dxe6 7. h5 Nc6 8. e3
b6 9. Qf3 Qc7 10. Nh3 Bb7 11. Ng5 f6 12. Nxe6 Qd7 13. Qg4 Ne5 14. Qh3 Kf7 15.
Nxf8 Qxh3 16. Rxh3 Rhxf8 17. f3 Rad8 18. e4 e6 19. O-O-O Ke7 20. Rg3 Rg8 21. f4
Nf7 22. Bd3 g6 23. hxg6 Rxg6 24. Rxg6 hxg6 25. Rh1 Rh8 26. Rxh8 Nxh8 27. Kd1 g5
28. fxg5 fxg5 29. Nf3 Nf7 30. Ke2 Kf6 31. Ke3 Ne5 32. Nxe5 Kxe5 33. c4 Bc6 34.
b3 Be8 35. g4 Bc6 36. a3 a5 37. a4 Bb7 38. Bc2 Bc6 39. Bd3 Bb7 40. Bc2 Bc6 1/2-1/2

[Event "Sardinia World Open A"]
[Site "Orosei ITA"]
[Date "2025.04.30"]
[Round "6.13"]
[White "Panjwani, Raja"]
[Black "Swara Lakshmi S Nair"]
[Result "1-0"]
[WhiteTitle "IM"]
[BlackTitle "WCM"]
[WhiteElo "2443"]
[BlackElo "2216"]
[WhiteFideId "2604493"]
[BlackFideId "25629239"]
[EventDate "2025.04.27"]

1. d4 Nf6 2. c4 g6 3. g3 c6 4. Bg2 d5 5. Qa4 Nfd7 6. cxd5 Nb6 7. Qd1 cxd5 8. Nc3
Bg7 9. e3 O-O 10. a4 a5 11. Nge2 Nc6 12. b3 Re8 13. O-O Bf5 14. Ba3 Rc8 15. Rc1
Bg4 16. f3 Bd7 17. Nb5 Nb4 18. Qd2 Bxb5 19. axb5 Qd6 20. f4 e6 21. Ra1 Bf8 22.
Nc3 Nd7 23. Bb2 b6 24. e4 dxe4 25. Nxe4 Qb8 26. d5 Rc2 27. Qd4 Rxb2 28. Qxb2 Bg7
29. Qd2 Bxa1 30. dxe6 Rxe6 31. Qxd7 Bg7 32. Rc1 Re8 33. Nd6 Rd8 34. Qxf7+ Kh8
35. Rc7 Rg8 36. Qd7 h6 37. Nf7+ Kh7 38. f5 Qe8 39. fxg6+ Kxg6 40. Qg4+ Kf6 41.
Qf4+ Ke6 42. Bh3+ Kd5 43. Qc4# 1-0

[Event "Sardinia World Open A"]
[Site "Orosei ITA"]
[Date "2025.04.30"]
[Round "6.14"]
[White "Favaloro, Andrea"]
[Black "Blom, Vincent"]
[Result "1-0"]
[WhiteTitle "IM"]
[BlackTitle "FM"]
[WhiteElo "2422"]
[BlackElo "2274"]
[WhiteFideId "885940"]
[BlackFideId "1014358"]
[EventDate "2025.04.27"]

1. Nf3 Nf6 2. g3 b6 3. Bg2 Bb7 4. O-O d5 5. c4 dxc4 6. Na3 e6 7. Nxc4 Nbd7 8.
Nce5 Nxe5 9. Nxe5 Bxg2 10. Qa4+ Nd7 11. Kxg2 Bd6 12. d4 Qc8 13. Qc6 Bxe5 14.
dxe5 Rb8 15. Be3 Qb7 16. Rac1 Qxc6+ 17. Rxc6 Rb7 18. Rfc1 Kd8 19. f4 g6 20. Bf2
Nb8 21. R6c3 c6 22. g4 h5 23. Bh4+ Kc8 24. Bf6 Rh7 25. Rh3 Rd7 26. Rc2 Kb7 27.
gxh5 gxh5 28. Rg3 c5 29. e3 Rd1 30. Kf3 Nd7 31. Bh4 b5 32. b3 Kc6 33. Rgg2 Nb6
34. Rgd2 Rxd2 35. Rxd2 c4 36. Rd6+ Kb7 37. bxc4 bxc4 38. Bf6 Rh6 39. Rd8 Rg6 40.
Bg5 Kc7 41. Rh8 c3 42. Ke2 Nc4 43. Kd3 Nxe5+ 44. Kxc3 Nf3 45. Rxh5 f6 46. Bh4
Rg2 47. Rh7+ Kd6 48. Bxf6 Rxa2 49. h4 Ra3+ 50. Kc2 Rxe3 51. h5 Re4 52. h6 Rxf4
53. Rf7 Rc4+ 54. Kb3 Rc8 55. h7 Ne5 56. Rg7 Rh8 57. Rb7 Kd5 1-0

[Event "Sardinia World Open A"]
[Site "Orosei ITA"]
[Date "2025.04.30"]
[Round "6.15"]
[White "Yaniv, Yuval"]
[Black "Maldonado Gonzales, Stefano"]
[Result "1/2-1/2"]
[WhiteTitle "IM"]
[WhiteElo "2407"]
[BlackElo "2228"]
[WhiteFideId "2823900"]
[BlackFideId "28540778"]
[EventDate "2025.04.27"]

1. e4 e5 2. Nf3 Nc6 3. Bb5 Nf6 4. d3 Bc5 5. c3 O-O 6. O-O d6 7. h3 Ne7 8. d4 Bb6
9. Re1 d5 10. exd5 exd4 11. Nxd4 Nfxd5 12. Nd2 Nf5 13. N2f3 Nxd4 14. Nxd4 Qf6
15. Bd3 1/2-1/2

[Event "Sardinia World Open A"]
[Site "Orosei ITA"]
[Date "2025.04.30"]
[Round "6.16"]
[White "Zakin, Ilay"]
[Black "Fataliyeva, Ulviyya"]
[Result "1-0"]
[WhiteTitle "FM"]
[BlackTitle "IM"]
[WhiteElo "2254"]
[BlackElo "2387"]
[WhiteFideId "2848279"]
[BlackFideId "13403052"]
[EventDate "2025.04.27"]

1. e4 e5 2. Nf3 Nc6 3. Bc4 Nf6 4. d3 Bc5 5. a4 d6 6. a5 a6 7. c3 O-O 8. b4 Ba7
9. Bg5 h6 10. Bh4 Qe7 11. Nbd2 Be6 12. h3 Bxc4 13. dxc4 Qe6 14. g4 Ne7 15. Bg3
c6 16. Qe2 Ng6 17. Nh4 Nf4 18. Qf3 d5 19. exd5 cxd5 20. c5 Bb8 21. Bxf4 exf4+
22. Kd1 Ne4 23. Kc2 Nxd2 24. Kxd2 d4 25. Kc2 dxc3 26. Rhe1 Qf6 27. Nf5 Be5 28.
Rad1 Rfe8 29. Qxb7 Rab8 30. Qd7 Rbd8 31. Ne7+ Kf8 32. Qxd8 Rxd8 33. Rxd8+ Kxe7
34. Rd6 Qg5 35. h4 Qxh4 36. Rxe5+ Kf8 37. Kxc3 g6 38. c6 Qh3+ 39. Kd4 Qb3 40.
Rd8+ Kg7 41. Kc5 Qc3+ 42. Kd6 Qxb4+ 43. Rc5 Qe1 44. Rd5 Qb4+ 45. Kc7 f3 46. R8d7
Qb2 47. Rd2 Qb5 48. R7d5 Qb4 49. Kd8 Qxg4 50. c7 Qh4+ 51. Kc8 Qb4 52. Kd7 Qa4+
53. Kd6 Qb4+ 54. Kc6 Qa4+ 55. Kb7 Qb4+ 56. Kxa6 Qc4+ 57. Kb6 Qb4+ 58. Ka7 Qc3
59. Kb8 Qb4+ 60. Kc8 Qg4+ 61. Rd7 Qa4 62. R2d5 Qa3 63. R7d6 Qa2 64. Kd8 Qxf2 65.
c8=Q Qh4+ 66. Kd7 Qg4+ 67. Kc7 Qc4+ 68. Kb8 1-0

[Event "Sardinia World Open A"]
[Site "Orosei ITA"]
[Date "2025.04.30"]
[Round "6.17"]
[White "Kanyamarala, Tarun"]
[Black "Sarabando, Rodrigo Andias"]
[Result "1/2-1/2"]
[WhiteTitle "IM"]
[WhiteElo "2386"]
[BlackElo "2211"]
[WhiteFideId "45004714"]
[BlackFideId "1950010"]
[EventDate "2025.04.27"]

1. d4 Nf6 2. c4 e6 3. Nc3 Bb4 4. e3 b6 5. Bd3 Bb7 6. Nf3 Bxc3+ 7. bxc3 O-O 8.
Qc2 Re8 9. O-O d6 10. e4 e5 11. Bg5 h6 12. Bh4 Nbd7 13. Nd2 g5 14. Bg3 Nh5 15.
f3 Nxg3 16. hxg3 Qf6 17. Nb3 c5 18. Qf2 Nf8 19. a4 Ng6 20. a5 h5 21. Rab1 Reb8
22. Rb2 Bc6 23. Rfb1 Qd8 24. axb6 axb6 25. Nc1 Rb7 26. Bf1 Rab8 27. Bd3 Qf6 28.
Ne2 h4 29. gxh4 gxh4 30. Qe3 Kg7 31. Kf1 Kf8 32. Ke1 Ke7 33. Ra1 Kd8 34. Kd2 Kc7
35. Rba2 Rg8 36. Ra8 Rbb8 37. Rxb8 Kxb8 38. Qg1 Nf4 39. Qb1 Kc7 40. Ra6 Rb8 41.
d5 Bd7 42. Qh1 Qg5 1/2-1/2

[Event "Sardinia World Open A"]
[Site "Orosei ITA"]
[Date "2025.04.30"]
[Round "6.18"]
[White "Noy, Eyal"]
[Black "Duraccio, Walter Mattia"]
[Result "1-0"]
[WhiteTitle "FM"]
[WhiteElo "2346"]
[BlackElo "2020"]
[WhiteFideId "2821117"]
[BlackFideId "2865713"]
[EventDate "2025.04.27"]

1. d4 Nf6 2. c4 e6 3. Nf3 d5 4. g3 dxc4 5. Bg2 Bb4+ 6. Bd2 a5 7. Qc2 c5 8. dxc5
Bxc5 9. Qxc4 Nbd7 10. Nc3 O-O 11. O-O b6 12. Rad1 Ba6 13. Qa4 Qe7 14. Nd4 Bxd4
15. Qxd4 Rac8 16. Rfe1 Rfd8 17. h3 h6 18. Be3 Ne8 19. Qa4 Rc4 20. Qb3 Rb4 21.
Qc2 Rc8 22. b3 a4 23. Qd2 axb3 24. Qxd7 Qxd7 25. Rxd7 Rxc3 26. Bd2 Rcc4 27. Bxb4
Rxb4 28. a3 Rc4 29. Rd3 b2 30. Rb3 Rc2 31. Be4 Rd2 32. Rxb6 Bxe2 33. Rb1 Bd3 34.
Bxd3 Rxd3 35. a4 Ra3 36. R1xb2 Rxa4 37. Rb8 Kf8 38. R2b7 Ra6 39. f4 g6 40. Rd7
e5 41. fxe5 Re6 42. Rbb7 Rxe5 43. Rxf7+ Kg8 44. Rfe7 Rxe7 45. Rxe7 Kf8 46. Ra7
Nd6 47. Kg2 Nf7 48. Kf2 Kg7 49. Ke3 h5 50. Ra6 Ng5 51. h4 Nf7 52. Ke4 Kh7 53.
Kd5 g5 54. hxg5 Nxg5 55. Ke5 h4 56. Kf5 Nf3 57. Ke4 1-0

[Event "Sardinia World Open A"]
[Site "Orosei ITA"]
[Date "2025.04.30"]
[Round "6.19"]
[White "Hercegovac, Neven"]
[Black "Kalosha, Zhiulien Oleksii"]
[Result "1/2-1/2"]
[WhiteTitle "FM"]
[BlackTitle "FM"]
[WhiteElo "2238"]
[BlackElo "2315"]
[WhiteFideId "2839135"]
[BlackFideId "14183706"]
[EventDate "2025.04.27"]

1. e4 c5 2. Nc3 Nc6 3. Nf3 e5 4. Bc4 d6 5. d3 Be7 6. Nd2 Nf6 7. Nf1 O-O 8. Ne3
Nd4 9. O-O Rb8 10. a4 a6 11. a5 Nc6 12. Ncd5 Be6 13. Bd2 Re8 14. h3 h6 15. Bc3
Nd4 16. Kh2 Kh8 17. Kh1 Nxd5 18. Nxd5 Bg5 19. Nb6 1/2-1/2